13 Stanley Kubrick Film - Statistics

General Stats
  • This quiz has been taken 5 times
  • The average score is 7 of 13
Answer Stats
Hint Answer % Correct
1968 2001: A space odyssey
100%
1964 Dr Strangelove
100%
1999 Eyes wide shut
100%
1987 Full metal Jacket
100%
1980 The shining
100%
1971 A clockwork orange
67%
1960 Spartacus
67%
1975 Barry Lyndon
33%
1962 Lolita
33%
1957 Paths of Glory
33%
1953 Fear and desire
0%
1955 Killer’s Kiss
0%
1956 The killing
0%
No matching quizzes found
Score Distribution
Percent of People with Each Score
Percentile by Number Answered
Your Score History
You have not taken this quiz